Diccionario de filósofos /

Diccionario alfabético de los filósofos, que incluye al final un índice de los filósofos del siglo XX, agrupados por países y, al interior de cada país, por corrientes y temas.

Zapisane w:
Opis bibliograficzny
Format: Książka
Język:hiszpański
Wydane: Madrid, España : Rioduero : Centro de Estudios Filosóficos de Gallarate, 1986, c1986
Hasła przedmiotowe:
Etykiety: Dodaj etykietę
Nie ma etykietki, Dołącz pierwszą etykiete!

MARC

LEADER 00000nam^a2200000^a^4500
001 000126699
005 20250521000000.0
009 20260310094736.994
020 |a 84-220-1252-9 
037 |a Acervo ITESO - Biblioteca 
041 |a ESP 
082 |a 140. 3  |b DIC 
245 0 0 |a Diccionario de filósofos / 
264 4 |a Madrid, España :  |b Rioduero :  |b Centro de Estudios Filosóficos de Gallarate,  |c 1986, c1986 
300 |a 1444 p. 
336 |a texto  |b txt  |2 rdacontenido 
337 |a sin mediación  |b n  |2 rdamedio 
338 |a volumen  |b nc  |2 rdasoporte 
500 |a Traducción de: Dizionario di filosofi 
520 |a Diccionario alfabético de los filósofos, que incluye al final un índice de los filósofos del siglo XX, agrupados por países y, al interior de cada país, por corrientes y temas. 
649 |a XX 
650 |a Filósofos -  |x Biografías 
650 |a Filosofía -  |x Enciclopedias y Diccionarios 
910 |a Fondo General 
920 |a Impresos - Libros 
930 |a Obras de Referencia 
905 |a 102 
901 |a 0500058807  |b IT2  |c REF  |u 20250521 
902 |a https://opac.biblio.iteso.mx/vufind/Record/000126699